Statistics for Canada First Level Subdivisions

Click here to take the quiz!

General Stats

  • This quiz has been taken 249 times
  • The average score is 12 of 13

Answer Stats

Provinces% Correct
Quebec
96%
Ontario
95%
British Columbia
92%
Newfoundland and Labrador
92%
Alberta
91%
Yukon
91%
Northwest
90%
Nunavut
88%
Prince Edward Island
88%
Saskatchewan
88%
Manitoba
85%
Nova Scotia
83%
New Brunswick
81%

Score Distribution

Percentile by Number Answered

Percent of People with Each Score

Your Score History

You have not taken this quiz